000 00612nam a2200217Ii 4500
003 JO-AjNU
008 230606s9999||||xx |||||||||||||| ||und||
020 _a978-81-224-3395-3
040 _aJO-AjNU
_beng
_erda
_cJO-AjNU
041 _aeng
050 1 4 _aTA345.G86 2015
100 3 _aGupta ,Santosh,
_eauthor
_94513
245 0 0 _aNumerical methods for Engineers
250 _a3 ed
264 3 1 _aNew Delhi:New age pub ,2015
300 _a340p
336 _atext
_btxt
_2rdacontent
337 _aunmediated
_bn
_2rdamedia
338 _avolume
_bnc
_2rdacarrier
650 4 _aNumerical methods- Engineers
_94514
999 _aE2342
_c2340
_d2340